000 00444nam a2200181Ia 4500
005 20240823014137.0
008 240823s9999||||xx |||||||||||||| ||und||
041 _aENGLISH
082 _A621.4022 P4
100 _aArora C P
245 0 _aHeat and Mass Transfer
250 _a2nd
260 _c2004
_b"Khanna Publishders,"
_aNew Delhi
500 _aTRANSFERED
650 _aHeat
_bAeronautical Engineering
942 _cBK
999 _c169240
_d169240